| Tag |
First Indicator |
Second Indicator |
Subfields |
| LEADER |
00000cas a2200000 4500 |
| 001 |
in00000302007 |
| 005 |
20250903205046.3 |
| 008 |
741107d19641969vauar 0 a0eng |
| 010 |
|
|
|a 74645947
|
| 012 |
|
|
|a 2
|b 3
|d 7
|e n
|g p
|k 1
|l 1
|
| 019 |
|
|
|a 1285266
|
| 022 |
0 |
|
|a 0094-7091
|
| 035 |
|
|
|a (OCoLC)01794876
|
| 035 |
|
|
|9 ABH4330AM
|
| 037 |
|
|
|b 5205 Leesburg Pile, 22041
|
| 040 |
|
|
|a DLC
|c DLC
|d NSD
|d DLC
|d OCL
|d NSD
|d TXA
|d UtOrBLW
|
| 042 |
|
|
|a lc
|a nsdp
|
| 049 |
|
|
|a TXAE
|
| 050 |
0 |
0 |
|a QE514
|b .G46
|
| 082 |
0 |
|
|a 551.9/05
|
| 222 |
|
0 |
|a Geokhimiya translations
|
| 245 |
0 |
0 |
|a Geokhimiya translations.
|
| 246 |
3 |
3 |
|a Geokhimiia
|
| 264 |
|
1 |
|a Falls Church, Va. :
|b AGI Translations Office.
|
| 300 |
|
|
|a 6 volumes :
|b illustrations ;
|c 28 cm.
|
| 336 |
|
|
|a text
|b txt
|2 rdacontent
|
| 337 |
|
|
|a unmediated
|b n
|2 rdamedia
|
| 338 |
|
|
|a volume
|b nc
|2 rdacarrier
|
| 362 |
0 |
|
|a 1964-1969.
|
| 500 |
|
|
|a "Unedited papers."
|
| 515 |
|
|
|a Issues for 1964- published in 2 vols.
|
| 580 |
|
|
|a Vols. for 1964-1969 issued as a supplement to: Geochemistry international.
|
| 650 |
|
0 |
|a Geochemistry
|v Periodicals.
|
| 710 |
2 |
|
|a American Geological Institute.
|b Translations Office.
|
| 730 |
0 |
|
|a Geochemistry international.
|
| 772 |
1 |
|
|t Geochemistry international
|x 0016-7029
|w (OCoLC)1570625
|
| 999 |
|
|
|a MARS
|
| 999 |
f |
f |
|s 92c0a7cb-892c-3bdc-ab46-3d029e020250
|i bfb3da5c-5a72-37c7-a311-6d0c67e2a4c9
|t 0
|
| 952 |
f |
f |
|p normal
|a Texas A&M University
|b College Station
|c Sterling C. Evans Library
|d Evans: Library Stacks
|t 0
|e QE514 .G46
|h Library of Congress classification
|i unmediated -- volume
|k v.4
|l 1967:pt.2
|m A14838580073
|
| 952 |
f |
f |
|p normal
|a Texas A&M University
|b College Station
|c Sterling C. Evans Library
|d Evans: Library Stacks
|t 0
|e QE514 .G46
|h Library of Congress classification
|i unmediated -- volume
|k v.6
|l 1969
|m A14808216173
|
| 952 |
f |
f |
|p normal
|a Texas A&M University
|b College Station
|c Sterling C. Evans Library
|d Evans: Library Stacks
|t 0
|e QE514 .G46
|h Library of Congress classification
|i unmediated -- volume
|k v.4
|l 1967:pt.1
|m A14838579991
|
| 952 |
f |
f |
|p normal
|a Texas A&M University
|b College Station
|c Sterling C. Evans Library
|d Evans: Library Stacks
|t 0
|e QE514 .G46
|h Library of Congress classification
|i unmediated -- volume
|k v.3
|l 1966:pt.2
|m A14838580031
|
| 952 |
f |
f |
|p normal
|a Texas A&M University
|b College Station
|c Sterling C. Evans Library
|d Evans: Library Stacks
|t 0
|e QE514 .G46
|h Library of Congress classification
|i unmediated -- volume
|k v.5
|l 1968
|m A14838580112
|
| 952 |
f |
f |
|p normal
|a Texas A&M University
|b College Station
|c Sterling C. Evans Library
|d Evans: Library Stacks
|t 0
|e QE514 .G46
|h Library of Congress classification
|i unmediated -- volume
|k v.2
|l 1965:pt.1
|m A14838579878
|
| 952 |
f |
f |
|p normal
|a Texas A&M University
|b College Station
|c Sterling C. Evans Library
|d Evans: Library Stacks
|t 0
|e QE514 .G46
|h Library of Congress classification
|i unmediated -- volume
|k v.1
|l 1964
|m A14838579836
|
| 952 |
f |
f |
|p normal
|a Texas A&M University
|b College Station
|c Sterling C. Evans Library
|d Evans: Library Stacks
|t 0
|e QE514 .G46
|h Library of Congress classification
|i unmediated -- volume
|k v.3
|l 1966:pt.1
|m A14838579917
|
| 952 |
f |
f |
|p normal
|a Texas A&M University
|b College Station
|c Sterling C. Evans Library
|d Evans: Library Stacks
|t 0
|e QE514 .G46
|h Library of Congress classification
|i unmediated -- volume
|k v.2
|l 1965:pt.2
|m A14838579959
|
| 998 |
f |
f |
|a QE514 .G46
|s v.1-6 (1964-1969)
|t 0
|l Evans: Library Stacks
|